000 01200nam a2200301 i 4500
001 000038122
003 DO-SdBNP
005 20260602131856.0
006 a||||gr|||| 00| 0
007 ta
008 130314s1995 dr ahoc 000 e spa d
040 _aDO-SdBNP
_bspa
_cBNPHU
_erda
041 _aspa
082 4 _a972.9105092
_bZ54a
_223
100 1 _aZéndegui, Guillermo, de,
_964495
_eautor
_4aut.
_d1910-1998
245 1 0 _aÁmbito de Martí /
_cGuillermo de Zéndegui.
264 _aSanto Domingo, R.D. :
_b[editor no identificado],
_c[1995].
300 _a224 páginas :
_bilustraciones, fotografía, retratos ;
_c28 cm
336 _2rdacontent
_atexto
_btxt
337 _2rdamedia
_asin mediación
_bn
338 _2rdacarrier
_avolumen
_bnc
500 _aReproducción facsimilar.
501 _aCentenario del Manifiesto de Montecristi, 1895 - 25 de Marzo - 1995 Reprint. Originally published: Havana, Cuba : P. Fernández, 1953
505 _aIncluye material iconográfico, retratos históricos y fotografías relacionados con la vida y entorno histórico de José Martí.
590 _aInventariado 2024 / MF
600 1 4 _aMartí, José,
_d1853-1895
_9645
_vBiografía
942 _2ddc
_cLBS1
999 _c37612
_d37612